| 000 | 00548nam a2200181 a 4500 | ||
|---|---|---|---|
| 005 | 20240614063700.0 | ||
| 008 | 991125s1972 new 000 0 eng u | ||
| 035 | _aUPN01000010044 | ||
| 049 | _aCG | ||
| 050 | 4 | _aPE1128 D5.3 | |
| 100 | 1 |
_aDixson, Robert James, _d1908-1963 _930894 |
|
| 245 | 1 | 0 |
_aComplete course in english : _bbook 3 / _cby Robert J. Dixson ; in collab. with J. Andujar |
| 260 |
_aNew York : _bRegents, _c1972 |
||
| 300 |
_a135 p. : _bil. |
||
| 650 | 4 |
_aInglés _xEstudio y enseñanza _918 |
|
| 904 |
_aAC _b010045 |
||
| 905 | _aLibro | ||
| 999 |
_c10044 _d10044 |
||